00461nam a2200157Ia 450000500170000000800410001703700130005804000200007104100130009108400210010410000180012524500870014326000530023030000090028349000110029220250326141824.0250326s9999 xx 000 0 und d aTextbook aFMSLbengcFMSL aeng2eng aX8(A) M3.2qFMSL aHamilton' F E 0aSpatial analysis industry and the Industrial environmentcHamilton' F E; Linge Gjr aChichesterbChichester, Johan Wiley & Sonsc1979 a671p vVol II